000 00297nam a22001217a 4500
008 180425b xxu||||| |||| 00| 0 eng d
041 _aeng
080 _a043.3
100 _a0
101 _aMBE-BTH
245 _aSfidat e Bankës qendrore, rolet dhe funksionet e saj
_cBulliqi,V
942 _2udc
_cBK
999 _c45533
_d45533